000 00403nam a2200157Ia 4500
008 240729s9999 xx 000 0 und d
022 _a1593-2095
245 0 _aPhytopathologia Mediterranea
260 _aItaly
260 _bFirenze University Press
650 _a Botany
650 _aScience
856 _uhttps://doaj.org/toc/f355ac7542e34b848e59bfbf4988766d
942 _2ddc
942 _cDOAJEJ
999 _c68018
_d68018
945 _a1
_bMadushi Gamage
_c1
_dMadushi Gamage